000 00515cam a22001457a 4500
008 180718b1971 xxu||||| |||| 00| 0 eng d
082 _aJ4x42 Un3 5
245 _aStrategic plan for the south east studies, vol v : a report
_cby Her Majesty's
260 _aLondon
_bHer Majesty's
_c1971
300 _axvii,102p
650 _aGreat Britain -- Economic policy -- 1964-1979
650 _aGreat Britain -- Economic conditions -- 1964-1979
650 _aRegional planning -- Great Britain
700 _aU.K. Her Majesty's
999 _c415365
_d415365